Io e Melek /

সংরক্ষণ করুন:
গ্রন্থ-পঞ্জীর বিবরন
প্রধান লেখক: Ehrentraut, Lina (লেখক)
বিন্যাস: গ্রন্থ
ভাষা:ইতালিয়
প্রকাশিত: Bologna : Canicola, c2021
মালা:I quindici
ট্যাগগুলো: ট্যাগ যুক্ত করুন
কোনো ট্যাগ নেই, প্রথমজন হিসাবে ট্যাগ করুন!

MARC

LEADER 00000nam a22000007i 4500
001 IT\ICCU\UBO\4583056
003 ItRI
005 20260115232209.0
008 220114s2021 it |||||| ||||| |||||c
020 |a 9788899524555 
040 |b ita  |c importazione bologna sebina 
041 7 |a ita  |2 ISO-639-2 
100 1 |a Ehrentraut, Lina  |0 IT\ICCU\UBOV\058610  |4 aut 
240 1 0 |a Melek + ich  |3 IT\ICCU\UBO\4583060  |9 Ehrentraut, Lina 
245 1 0 |a Io e Melek /  |c Lina Ehrentraut. 
260 |a Bologna :  |b Canicola,  |c c2021 
300 |a 1 volume (senza paginazione) :  |b fumetti b/n ;  |c 21 cm 
830 2 |a I quindici  |0 IT\ICCU\UBO\4434041 
942 |2 ddc  |c BK  |n 0 
952 |0 0  |1 0  |4 0  |6 F_741_594000000000000_EHR  |7 0  |9 21799  |a BO  |b BO  |d 2026-01-15  |i 19597  |l 0  |o F 741.594 EHR  |p BO19597  |r 2026-01-15 23:22:09  |w 2026-01-15  |x [Sebina 5] [1 v.]  |y BK  |z 1 v. (sul frontespizio dedica dell'A.) 
999 |c 18626  |d 18626